| 000 | 02594nam0a22004331 4500 | ||
|---|---|---|---|
| 001 | v19\rc\2104067 | ||
| 005 | 20260406090443.0 | ||
| 035 | _a(NLR Aleph) 005177508 | ||
| 090 |
_a5111197 _c5111197 |
||
| 100 | _a20090914d1819 |||y0rusy50 ca | ||
| 101 | 0 | _arus | |
| 102 | _aRU | ||
| 135 | _acrcn 024anaba | ||
| 140 | _ay y kb yaa0000 | ||
| 200 | 1 |
_aО распознавании и лечении гемороя или почечуя и других в тесной связи с ним состоящих болезней. _fСочинил Христиан Витт, доктор медицины и хирургии, Императорской Медико-хирургической академии корреспондент, статский советник, Придворнаго его императорскаго величества госпиталя главный доктор орденов Св. Владимира 4 степени, Св. Анны 2 степени и прусско-королевскаго Краснаго Орла 3 степени кавалер |
|
| 210 |
_aСанктпетербург _cв типографии В. Плавильщикова _d1819 |
||
| 215 |
_a[6], X, 243, [1] с. _d8° |
||
| 316 |
_aЭкз. РНБ (18.3.7.13) размер: 20,2х13,3х2,2 см _5NLR: 18.3.7.13 |
||
| 321 | 1 | _aСК 1801-1825 1189 | |
| 325 | _aКопия доступна в Электрон. б-ке РНБ | ||
| 620 | _dСанкт-Петербург | ||
| 700 | 1 |
_aВитт _bХ.Я. _f1778-1848 _gХристиан Яковлевич |
|
| 702 | 1 |
_4610 _8rus _7ca _aПлавильщиков _bВ. А. _f1768-1823 _gВасилий Алексеевич _3RU\NLR\AUTH\7758248 _941180 |
|
| 712 | 0 | 0 |
_4610 _aПлавильщиков, _cПетербург _gВ. А., _hтипография _9517304 _3RU\NLR\AUTH\880426395 |
| 801 | 0 |
_aRU _bNLR _gpsbo |
|
| 801 | 1 |
_aRU _bProSoft-M _2rusmarc |
|
| 801 | 2 |
_aRU _bNLR _c20150423 _2rusmarc |
|
| 852 |
_aNLR _j18.3.7.13 |
||
| 942 | _cBOOK | ||
| 980 | _aNB | ||
| 980 | 3 | _akpcivil2020 | |
| 980 | 3 | _akp2020 | |
| 980 | 3 | _akp | |
| 981 | 2 | 2 |
_a(22) Материалы по истории России _b(22) Культура. Наука. Просвещение. |
| 981 | 2 | 0 |
_a(20) Книжные памятники РНБ _b(20) Русский книжный фонд |